|
|
|
|
| LEADER |
02463cam a2200541 i 4500 |
| 001 |
nkc20203245302 |
| 003 |
CZ PrNK |
| 005 |
20201029090657.0 |
| 007 |
ta |
| 008 |
200911s2020 xr a c 000 f cze d |
| 015 |
|
|
|a cnb003245302
|
| 020 |
|
|
|a 978-80-253-4793-5
|q (vázáno)
|
| 035 |
|
|
|a (OCoLC)1204253995
|
| 040 |
|
|
|a UHG001
|b cze
|d ABG001
|e rda
|
| 041 |
1 |
|
|a cze
|h eng
|
| 072 |
|
7 |
|a 821.111(73)-3
|x Americká próza
|2 Konspekt
|9 25
|
| 072 |
|
7 |
|a 821-93
|x Literatura pro děti a mládež (beletrie)
|2 Konspekt
|9 26
|
| 080 |
|
|
|a 821.111(73)-31
|2 MRF
|
| 080 |
|
|
|a 821-93
|2 MRF
|
| 080 |
|
|
|a (0:82-312.9)
|2 MRF
|
| 100 |
1 |
|
|a Colfer, Chris,
|d 1990-
|7 xx0204002
|4 aut
|
| 240 |
1 |
0 |
|a Tale of magic.
|l Česky
|
| 245 |
1 |
0 |
|a Příběh magie /
|c Chris Colfer ; ilustroval Brandon Dorman ; přeložila Veronika Volhejnová
|
| 250 |
|
|
|a 1. vydání
|
| 264 |
|
1 |
|a Praha :
|b Fragment,
|c 2020
|
| 300 |
|
|
|a 364 stran :
|b ilustrace ;
|c 22 cm
|
| 336 |
|
|
|a text
|b txt
|2 rdacontent
|
| 337 |
|
|
|a bez média
|b n
|2 rdamedia
|
| 338 |
|
|
|a svazek
|b nc
|2 rdacarrier
|
| 500 |
|
|
|a Přeloženo z angličtiny
|
| 520 |
2 |
|
|a Dobrodružství se známými i novými hrdiny ze Země příběhů.
|b Čtrnáctiletá Brystal Vždyzelená se narodila na špatném místě. V Jižním království je totiž magie trestná, a navíc tam ženy nesmí číst. Když se dívka k jedné knize lstí dostane, objeví v sobě nadání pro kouzla. Před přísným trestem ji zachrání až madam Počasitá, která ji přijme do Magické akademie. Jaké jsou však její skutečné záměry? Brystal s přáteli ze školy odhalí zlověstné spiknutí... a osud světa i magie bude záviset na tom, zda mu dokážou čelit. Nakladatelská anotace.
|
| 521 |
8 |
|
|a Pro čtenáře od 9 let
|
| 655 |
|
7 |
|a americké romány
|7 fd131796
|2 czenas
|
| 655 |
|
7 |
|a fantasy romány
|7 fd184199
|2 czenas
|
| 655 |
|
7 |
|a publikace pro děti
|7 fd133156
|2 czenas
|
| 655 |
|
9 |
|a American fiction
|2 eczenas
|
| 655 |
|
9 |
|a fantasy novels
|2 eczenas
|
| 655 |
|
9 |
|a children's literature
|2 eczenas
|
| 700 |
1 |
|
|a Dorman, Brandon
|7 xx0206338
|4 ill
|
| 700 |
1 |
|
|a Volhejnová, Veronika,
|d 1962-
|7 jn20010309724
|4 trl
|
| 787 |
0 |
8 |
|i Z cyklu:
|t Příběh magie
|g 1
|
| 910 |
2 |
|
|a BOA001
|b 2-1454.949
|
| 920 |
|
|
|a 4555786
|z ABG001
|
| 928 |
9 |
|
|a Albatros Media - Fragment
|
| 990 |
|
|
|a BK
|
| 995 |
|
|
|a 01
|
| 991 |
|
|
|b 202010
|c NOV
|
| 996 |
6 |
|
|b 2610842350
|c 2-1454.949
|l MZK
|r Sklad / do 1 hodiny
|n 1
|p p.v.
|w 001831591
|u 000010
|a 1
|e BOA001
|j MZK50
|s P
|